00589nam a2200193Ia 4500008004100000020002900041040001900070041001200089082002700101100002000128245008700148260003200235300001600267440002100283650002100304651002800325700002200353850002000375140110s9999 xx 000 0 und d a9780140445008cRs.250.00 aLoreto College aEnglish a870.4/VASbLCLIB/48001 aVasari, Giorgio aLives of the artists, Vol.IcGiorgio Vasari. A selection translated by George Bull aLondonbPenguin Booksc1965 aVol.I,479p. aPenguin Classics aLatin literature aArtists-Italy-Biography aBull, George, tr. aLCLIB/870.4/VAS